| 000 | 00377nam a22001337a 4500 | ||
|---|---|---|---|
| 020 | _a9780471449966 | ||
| 040 | _cNust | ||
| 082 |
_a621.3824 _bELL |
||
| 100 |
_aElliot, Robert S. _9125150 |
||
| 245 |
_aAntenna theory and design: _bRevised Edition |
||
| 260 |
_aNew Jersey: _bJohn Wiley and sons Inc, _c2003. |
||
| 650 |
_aAntenna theory and design _9124484 |
||
| 942 |
_2ddc _cBK |
||
| 999 |
_c610658 _d610658 |
||